DRIS: a decision making tool for planners (Record no. 67070)

000 -LEADER
fixed length control field 00741pab a2200157 454500
008 - FIXED-LENGTH DATA ELEMENTS--GENERAL INFORMATION
fixed length control field 180718b2005 xxu||||| |||| 00| 0 eng d
100 ## - MAIN ENTRY--PERSONAL NAME
Personal name Chakraborty, D. et al
245 ## - TITLE STATEMENT
Title DRIS: a decision making tool for planners
260 ## - PUBLICATION, DISTRIBUTION, ETC.
Date of publication, distribution, etc. 2005
300 ## - PHYSICAL DESCRIPTION
Extent p.30-33.
362 ## - DATES OF PUBLICATION AND/OR SEQUENTIAL DESIGNATION
Dates of publication and/or sequential designation Sep
520 ## - SUMMARY, ETC.
Summary, etc. The amount of data generated in this digital era is phenomenal, wherein the decision maker has to depend on hierarchy for relevant information, which results in delay due to lack of timely data verification. Contemporary decision-making thus becomes complex. In view of this an attempt has been made to design and develop a Decision Support System - DRIS. - Reproduced.
650 ## - SUBJECT ADDED ENTRY--TOPICAL TERM
Topical term or geographic name entry element Decision making
773 ## - HOST ITEM ENTRY
Main entry heading GIS Development
909 ## -
-- 67070
Holdings
Withdrawn status Lost status Damaged status Not for loan Permanent Location Current Location Date acquired Serial Enumeration / chronology Barcode Date last seen Price effective from Koha item type
        Indian Institute of Public Administration Indian Institute of Public Administration 2018-07-19 Volume no: 9, Issue no: 9 AR67526 2018-07-19 2018-07-19 Articles

Powered by Koha